ప్రపంచ మహాసముద్రాలు - Statistics

General Stats
  • This quiz has been taken 4 times
  • The average score is 3 of 5
Answer Stats
విస్తీర్ణం (కిమీ2) మహాసముద్రం % Correct
౧౫౫,౫౫౭,౦౦౦ (155,557,000) ప్రశాంత మహాసముద్రం
100%
౭౬,౭౬౨,౦౦౦ (76,762,000) అట్లాంటిక్ మహాసముద్రం
100%
౬౮,౫౫౬,౦౦౦ (68,556,000) హిందు మహాసముద్రం
50%
౧౪,౦౫౬,౦౦౦ (14,056,000) దక్షిణ సముద్రం
50%
౨౦,౩౨౭,౦౦౦ (20,327,000) ఉత్తరధృవం మహాసముద్రం
25%
No matching quizzes found
Score Distribution
Percent of People with Each Score
Percentile by Number Answered
Your Score History
You have not taken this quiz